|
|
|
|
| LEADER |
03201nam a2200589 4500 |
| 001 |
978-3-030-03026-1 |
| 003 |
DE-He213 |
| 005 |
20191027061058.0 |
| 007 |
cr nn 008mamaa |
| 008 |
181119s2018 gw | s |||| 0|eng d |
| 020 |
|
|
|a 9783030030261
|9 978-3-030-03026-1
|
| 024 |
7 |
|
|a 10.1007/978-3-030-03026-1
|2 doi
|
| 040 |
|
|
|d GrThAP
|
| 050 |
|
4 |
|a QA76.9.D335
|
| 072 |
|
7 |
|a GPJ
|2 bicssc
|
| 072 |
|
7 |
|a COM053000
|2 bisacsh
|
| 072 |
|
7 |
|a GPJ
|2 thema
|
| 072 |
|
7 |
|a URY
|2 thema
|
| 082 |
0 |
4 |
|a 005.82
|2 23
|
| 245 |
1 |
0 |
|a Science of Cyber Security
|h [electronic resource] :
|b First International Conference, SciSec 2018, Beijing, China, August 12-14, 2018, Revised Selected Papers /
|c edited by Feng Liu, Shouhuai Xu, Moti Yung.
|
| 250 |
|
|
|a 1st ed. 2018.
|
| 264 |
|
1 |
|a Cham :
|b Springer International Publishing :
|b Imprint: Springer,
|c 2018.
|
| 300 |
|
|
|a XII, 225 p. 103 illus., 86 illus. in color.
|b online resource.
|
| 336 |
|
|
|a text
|b txt
|2 rdacontent
|
| 337 |
|
|
|a computer
|b c
|2 rdamedia
|
| 338 |
|
|
|a online resource
|b cr
|2 rdacarrier
|
| 347 |
|
|
|a text file
|b PDF
|2 rda
|
| 490 |
1 |
|
|a Security and Cryptology ;
|v 11287
|
| 505 |
0 |
|
|a Science of security -- Cybersecurity dynamics -- Attacks and defenses -- Network security -- Security metrics and measurements -- Performance enhancements.
|
| 520 |
|
|
|a This book constitutes the proceedings of the First International Conference on Science of Cyber Security, SciSec 2018, held in Beijing, China, in August 2018. The 11 full papers and 6 short papers presented in this volume were carefully reviewed and selected from 54 submissions. The papers focus on science of security; cybersecurity dynamics; attacks and defenses; network security; security metrics and measurements; and performance enhancements.
|
| 650 |
|
0 |
|a Data encryption (Computer science).
|
| 650 |
|
0 |
|a Computer communication systems.
|
| 650 |
|
0 |
|a Computer security.
|
| 650 |
|
0 |
|a Application software.
|
| 650 |
|
0 |
|a Computers and civilization.
|
| 650 |
1 |
4 |
|a Cryptology.
|0 http://scigraph.springernature.com/things/product-market-codes/I28020
|
| 650 |
2 |
4 |
|a Computer Communication Networks.
|0 http://scigraph.springernature.com/things/product-market-codes/I13022
|
| 650 |
2 |
4 |
|a Systems and Data Security.
|0 http://scigraph.springernature.com/things/product-market-codes/I28060
|
| 650 |
2 |
4 |
|a Information Systems Applications (incl. Internet).
|0 http://scigraph.springernature.com/things/product-market-codes/I18040
|
| 650 |
2 |
4 |
|a Computers and Society.
|0 http://scigraph.springernature.com/things/product-market-codes/I24040
|
| 700 |
1 |
|
|a Liu, Feng.
|e editor.
|4 edt
|4 http://id.loc.gov/vocabulary/relators/edt
|
| 700 |
1 |
|
|a Xu, Shouhuai.
|e editor.
|4 edt
|4 http://id.loc.gov/vocabulary/relators/edt
|
| 700 |
1 |
|
|a Yung, Moti.
|e editor.
|4 edt
|4 http://id.loc.gov/vocabulary/relators/edt
|
| 710 |
2 |
|
|a SpringerLink (Online service)
|
| 773 |
0 |
|
|t Springer eBooks
|
| 776 |
0 |
8 |
|i Printed edition:
|z 9783030030254
|
| 776 |
0 |
8 |
|i Printed edition:
|z 9783030030278
|
| 830 |
|
0 |
|a Security and Cryptology ;
|v 11287
|
| 856 |
4 |
0 |
|u https://doi.org/10.1007/978-3-030-03026-1
|z Full Text via HEAL-Link
|
| 912 |
|
|
|a ZDB-2-SCS
|
| 912 |
|
|
|a ZDB-2-LNC
|
| 950 |
|
|
|a Computer Science (Springer-11645)
|